000 00774nam a2200217Ii 4500
003 JO-AjNU
008 230605s9999||||xx |||||||||||||| ||und||
017 _a2009/2/641
040 _aJO-AjNU
_bara
_erda
_cJO-AjNU
041 _aara
050 1 4 _aJX1995.J8666.2008
100 3 _aالجندي ،غسان هشام ,
_eauthor
_921480
245 0 0 _aاللؤلؤة الابتسمولوجية في الصدفة المعرفية لقانون المنظمات الدولية
250 _aط1
264 3 1 _aعمان : غسان هشام الجندي ،2009
300 _a200ص
336 _atext
_btxt
_2rdacontent
337 _aunmediated
_bn
_2rdamedia
338 _avolume
_bnc
_2rdacarrier
650 4 _aالمنظمات الدولية -- القانون الدولي
_921481
999 _aA7467
_c11035
_d11035